<?xml version="1.0" encoding="UTF-8"?>
<marc:record xmlns:marc="http://www.loc.gov/MARC21/slim">
   <marc:leader>00000nam a2200000 a 4500</marc:leader>
   <marc:datafield ind1=" " ind2=" " tag="653">
      <marc:subfield code="a">PBS</marc:subfield>
   </marc:datafield>
   <marc:datafield ind1=" " ind2=" " tag="653">
      <marc:subfield code="a">Lernen / Lernhilfen</marc:subfield>
   </marc:datafield>
   <marc:datafield ind1=" " ind2=" " tag="653">
      <marc:subfield code="a">Abiturwissen</marc:subfield>
   </marc:datafield>
   <marc:datafield ind1=" " ind2=" " tag="653">
      <marc:subfield code="a">Lernen/Schulbücher Allgemeinbildende Schulen</marc:subfield>
   </marc:datafield>
   <marc:datafield ind1="0" ind2="0" tag="245">
      <marc:subfield code="a">Die wichtigsten 1000 Wörter Russisch</marc:subfield>
   </marc:datafield>
   <marc:datafield ind1=" " ind2="1" tag="264">
      <marc:subfield code="a">Nürtingen</marc:subfield>
      <marc:subfield code="b">dnf</marc:subfield>
   </marc:datafield>
   <marc:datafield ind1="1" ind2=" " tag="520">
      <marc:subfield code="a">Angaben aus der Verlagsmeldung

Multiboxen - Die wichtigsten 1000 Wörter, Russisch

Die große Multibox enthält die wichtigsten 1000 Wörter: in einer praktischen Karteikartenbox mit über 400 Karteikarten, auf 2 Hör-CDs + Begleitheft und auf einem Poster.
Die Karteikarten sind sowohl alphabetisch als auch thematisch nutzbar, da die Vokabeln alphabetisch geordnet und entsprechend nummeriert sind und auf jeder Karteikarten die entsprechende Themengruppe angegeben ist.
Jedes Stichwort ist mit der Lautschrift versehen, die angibt, wie ein Wort ausgesprochen wird. Zu jeder Vokabel sind zwei Kontrollfelder zum Ankreuzen gegeben, die zeigen, ob Sie die Vokabeln richtig gewusst haben.
Der zweisprachige Wortschatztrainer enthält die wichtigsten 1000 Wörter auf 2 Hör-CDs. Alle Wörter und Wendungen sind von Muttersprachlern gesprochen. Sprechpausen zwischen jedem fremdsprachlichen und jedem deutschen Wort ermöglichen es Ihnen die Wörter nachzusprechen und Sie sich einzuprägen. Zusätzlich sind alle Wörter in einem Begleitheft verzeichnet.
Das Lernen mit Hör-CDs hat den Vorteil, dass Sie bequem zu Hause oder unterwegs lernen können. Sie sind damit eine ideale Ergänzung zu den Karteikarten.
Zusätzlich ist in jeder Box ein kostenloses Poster mit den wichtigsten 1000 Wörtern enthalten.
</marc:subfield>
   </marc:datafield>
   <marc:datafield ind1=" " ind2=" " tag="020">
      <marc:subfield code="a">9783898314091</marc:subfield>
      <marc:subfield code="9">9783898314091</marc:subfield>
   </marc:datafield>
   <marc:datafield ind1=" " ind2=" " tag="020">
      <marc:subfield code="a">3898318052</marc:subfield>
      <marc:subfield code="9">3898318052</marc:subfield>
   </marc:datafield>
   <marc:datafield ind1=" " ind2=" " tag="041">
      <marc:subfield code="a">ger</marc:subfield>
   </marc:datafield>
   <marc:datafield ind1=" " ind2=" " tag="300">
      <marc:subfield code="a">451 Bl.</marc:subfield>
   </marc:datafield>
</marc:record>
